James Bond Books - Statistics

General Stats
  • This quiz has been taken 25 times
  • The average score is 12 of 14
Answer Stats
Hint Answer % Correct
1953 Casino Royale
100%
1958 Dr. No
100%
1957 From Russia with Love
100%
1959 Goldfinger
95%
1954 Live and Let Die
95%
1955 Moonraker
95%
1965 The Man with the Golden Gun
89%
1963 On Her Majesty's Secret Service
84%
1962 The Spy Who Loved Me
84%
1961 Thunderball
84%
1956 Diamonds Are Forever
79%
1964 You Only Live Twice
79%
1960 For Your Eyes Only
68%
1966 Octopussy and the Living Daylights
42%
No matching quizzes found
Score Distribution
Percent of People with Each Score
Percentile by Number Answered
Your Score History
You have not taken this quiz